| 000 | 01267cam a2200349 a 4500 | ||
|---|---|---|---|
| 001 | 28270 | ||
| 003 | BD-RJUL | ||
| 005 | 20211209051247.0 | ||
| 008 | 140330s1855 xx 00010 eng | ||
| 035 | _a(BD-RJUL)28351 | ||
| 035 | _a(CStRLIN)FLFGADL1324-B | ||
| 040 |
_aDLC _cUU _dUU _dm.c. _d*m/c* _dFTaSU _dCStRLIN _beng |
||
| 041 | _aeng | ||
| 082 |
_a965 _bDUF 1855 |
||
| 100 | 1 |
_aDuff Gordon, Lucie, _d1821-1869. _986572 |
|
| 245 | 1 | 4 |
_aThe French in Algiers : _bthe soldier of the foreign legion ; and the prisoners of Abd-el-Kader / _ctranslated from the German and French by Lady Duff Gordon. |
| 250 | _aNew ed. | ||
| 260 | 0 |
_aLondon : _bJ. Murray, _c1855. |
|
| 300 |
_aviii, 176 p. ; _c18 cm. |
||
| 490 | 0 | _aMurray's home and colonial library | |
| 600 | 0 | 0 |
_aʿAbd al-Qādir ibn Muḥyī al-Dīn, _cAmir of Mascara, _d1807?-1883. _986581 |
| 610 | 1 | 0 |
_aFrance. _bArmée. _bLégion étrangère. _986582 |
| 650 | 0 |
_aFrench _zAlgeria. _986575 |
|
| 651 | 0 |
_aAlgeria _xHistory _y1830-1962. _986576 |
|
| 700 | 1 | 0 |
_aLamping, Clemens. _986577 |
| 700 | 1 | 0 |
_aAlby, François Antoine, _d1809-1868. _986578 |
| 740 | 0 | 2 | _aSoldier of the foreign legion. |
| 740 | 0 | 2 | _aPrisoners of Abd-el-Kader. |
| 942 |
_2ddc _cBK |
||
| 999 |
_c28270 _d28270 |
||